000 00695nam a22001937a 4500
003 JO-AjAnu
005 20250323111826.0
008 250318b jo ||||| |||| 00| 0 ara d
040 _cJO-AjAnu
041 _hENG
100 _aIbrahim Radi Hasan
_ePrepared
_966540
245 _aLower and Upper Bounds for the Zeros of Polynomials
_b/ by IBrahim Radi Hasan ; Supervisor mohammad AL-Hawari
260 _c2025
300 _a42 pages
500 _aUniversity Thesis (Master's Thesis in Mathematics) Ajloun National University (Jordan-Ajloun) / College of Business, Department of Mathematics, 2025
650 _vLower
700 _aMohammad Al-Hawari
_eSupervisor
_966539
942 _2lcc
_cTHS
_n0
999 _c33914
_d33914